<?xml version="1.0" encoding="UTF-8"?>
<record
    xmlns:xsi="http://www.w3.org/2001/XMLSchema-instance"
    xsi:schemaLocation="http://www.loc.gov/MARC21/slim http://www.loc.gov/standards/marcxml/schema/MARC21slim.xsd"
    xmlns="http://www.loc.gov/MARC21/slim">

  <leader>00692nam a2200205Ia 4500</leader>
  <controlfield tag="008">200826s9999||||xx |||||||||||||| ||und||</controlfield>
  <datafield tag="020" ind1=" " ind2=" ">
    <subfield code="a">7301092814</subfield>
  </datafield>
  <datafield tag="020" ind1=" " ind2=" ">
    <subfield code="a">9787301092811</subfield>
  </datafield>
  <datafield tag="041" ind1=" " ind2=" ">
    <subfield code="a">chi</subfield>
  </datafield>
  <datafield tag="050" ind1=" " ind2=" ">
    <subfield code="a">BV3417</subfield>
    <subfield code="b">.L58 2005</subfield>
  </datafield>
  <datafield tag="100" ind1=" " ind2=" ">
    <subfield code="a">&#x5218;&#x8018;&#x534E;</subfield>
  </datafield>
  <datafield tag="245" ind1=" " ind2="0">
    <subfield code="a">&#x8BE0;&#x91CA;&#x7684;&#x5706;&#x73AF;: </subfield>
    <subfield code="b">&#x660E;&#x672B;&#x6E05;&#x521D;&#x4F20;&#x6559;&#x58EB;&#x5BF9;&#x5112;&#x5BB6;&#x7ECF;&#x5178;&#x7684;&#x89E3;&#x91CA;&#x53CA;&#x5176;&#x672C;&#x571F;&#x56DE;&#x5E94; /</subfield>
    <subfield code="c">&#x5218;&#x8018;&#x534E;</subfield>
  </datafield>
  <datafield tag="246" ind1=" " ind2=" ">
    <subfield code="a">&#x8A6E;&#x91CB;&#x7684;&#x5713;&#x74B0; :</subfield>
    <subfield code="b">&#x660E;&#x672B;&#x6E05;&#x521D;&#x50B3;&#x6559;&#x58EB;&#x5C0D;&#x5112;&#x5BB6;&#x7D93;&#x5178;&#x7684;&#x89E3;&#x91CB;&#x53CA;&#x5176;&#x672C;&#x571F;&#x56DE;&#x61C9; /</subfield>
  </datafield>
  <datafield tag="260" ind1=" " ind2=" ">
    <subfield code="a">&#x5317;&#x4EAC;&#x5E02; : </subfield>
    <subfield code="b">&#x5317;&#x4EAC;&#x5927;&#x5B66;&#x51FA;&#x7248;&#x793E;,</subfield>
  </datafield>
  <datafield tag="300" ind1=" " ind2=" ">
    <subfield code="a">5, 5, 8, 5, 452 p. </subfield>
    <subfield code="b">;</subfield>
    <subfield code="c">21 cm.</subfield>
  </datafield>
  <datafield tag="650" ind1=" " ind2=" ">
    <subfield code="a">East and West.</subfield>
  </datafield>
  <datafield tag="650" ind1=" " ind2=" ">
    <subfield code="a">Missions -- China -- History.</subfield>
  </datafield>
  <datafield tag="650" ind1=" " ind2=" ">
    <subfield code="a">Philosophy, Confucian.</subfield>
  </datafield>
  <datafield tag="952" ind1=" " ind2=" ">
    <subfield code="0">0</subfield>
    <subfield code="1">0</subfield>
    <subfield code="4">0</subfield>
    <subfield code="7">0</subfield>
    <subfield code="a">GETS</subfield>
    <subfield code="b">GETS</subfield>
    <subfield code="c">GEN</subfield>
    <subfield code="d">2020-08-26</subfield>
    <subfield code="l">0</subfield>
    <subfield code="o">BV3417 .L58 2005</subfield>
    <subfield code="p">00008953</subfield>
    <subfield code="r">2020-08-26 00:00:00</subfield>
    <subfield code="w">2020-08-26</subfield>
    <subfield code="y">CB</subfield>
  </datafield>
  <datafield tag="999" ind1=" " ind2=" ">
    <subfield code="c">21333</subfield>
    <subfield code="d">21333</subfield>
  </datafield>
</record>
